Normal view
MARC view
Entry Topical Term
001 - CONTROL NUMBER
- control field: 511199
003 - CONTROL NUMBER IDENTIFIER
- control field:
005 - DATE AND TIME OF LATEST TRANSACTION
- control field: 20210602164714.0
008 - FIXED-LENGTH DATA ELEMENTS
- fixed length control field: 210602|| aca||aabn | a|a d
040 ## - CATALOGING SOURCE
- Original cataloging agency:
- Transcribing agency:
150 ## - HEADING--TOPICAL TERM
- Topical term or geographic name entry element: Excel 2007(Computer program language)
670 ## - SOURCE DATA FOUND
- Source citation: Work cat.: (): Langer, James 511198, Excel 2007/, 2003
